000 00291nam a22001457a 4500
999 _c160156
_d160156
082 _a
_b
100 _aMiher Chandra
245 _aAshtadasasruthi/
_cby Miher Chandra.
260 _aDelhi:
_bNag,
_c1990.
300 _a633p.
600 _a
650 _a
700 _a
942 _cBK